000 00312nam a2200133Ia 4500
008 260604s9999 xx 000 0 und d
020 _a9780367685331
082 _a302 PIL
100 _aAnn pilkington
_935835
245 0 _aCommunicating Projects
260 _bRoutledge
500 _aCommunication
942 _cBK
999 _c8668
_d8668